[Event "TCh-TUR Super League 2018"]
[Site "Ankara TUR"]
[Date "2018.07.29"]
[Round "5.3.2"]
[White "Tukhaev, Adam"]
[Black "Kanmazalp, Ogulcan"]
[Result "1-0"]
[WhiteTitle "GM"]
[BlackTitle "IM"]
[WhiteElo "2542"]
[BlackElo "2481"]
[WhiteTeam "ROTA KOLEJI SPOR KULUBU DERNEGI"]
[BlackTeam "KAHRAMANMARAS BUYUKSEHIR BELEDIYESI GENCLIK VE SPOR KULUBU DERNEGI"]
[WhiteFideId "14109476"]
[BlackFideId "6304990"]
[EventDate "2018.07.25"]

1. e4 e6 2. d4 d5 3. Nc3 Nf6 4. e5 Nfd7 5. f4 c5 6. Nf3 Nc6 7. Be3 cxd4 8. Nxd4
Qb6 9. Qd2 Qxb2 10. Rb1 Qa3 11. Bb5 Nxd4 12. Bxd4 a6 13. Bxd7+ Bxd7 14. Rb3 Qe7
15. Rxb7 Rc8 16. O-O Qd8 17. Ne2 Be7 18. Rf3 Rc4 19. Rg3 Qc8 20. Rb2 g6 21. Bf2
O-O 22. Bd4 Qc7 23. Rh3 Bc5 24. Rbb3 Rc8 25. Rbf3 Ba4 26. c3 Bc2 27. Bxc5 Qxc5+
28. Nd4 Be4 29. Re3 Rb8 30. Re1 Rc8 31. Ree3 Rb8 32. Re1 Qb6 33. Rhe3 Qb2 34.
R1e2 Qxd2 35. Rxd2 Rb1+ 36. Kf2 Rc1 37. Ne2 Ra1 38. Nd4 Ra4 39. Ree2 Rc1 40. Re3
Ra1 41. Ree2 Rc1 42. Re3 Bb1 43. Rb2 Rxa2 44. Rxa2 Bxa2 45. Re2 Bc4 46. Rb2 Bb5
47. Nxb5 axb5 48. Rxb5 Rc2+ 49. Kf3 Rxc3+ 50. Kf2 Rc4 51. Kf3 g5 52. fxg5 Re4
53. g4 Rxe5 54. h4 Kg7 55. Rb7 Re1 56. h5 Rf1+ 57. Kg2 Re1 58. Kf3 Re5 59. Kf4
Re4+ 60. Kf3 Re1 61. Rd7 Rd1 62. Kf4 Rd4+ 63. Kf3 e5 64. Rd6 Rd3+ 65. Kg2 e4 66.
h6+ Kf8 67. Rd8+ Ke7 68. Rh8 e3 69. Kf3 Rd4 70. g6 fxg6 71. Rxh7+ Kd6 72. Rg7
Re4 73. h7 e2 74. h8=Q e1=Q 75. Qb8+ Kc5 76. Rc7+ Kd4 77. Qb2+ Kd3 78. Qc2+ Kd4
79. Qb2+ Kd3 80. Qa3+ Kd4 81. Qc5+ Ke5 82. Re7+ Kf6 83. Qd6+ Re6 84. g5+ Kxg5
85. Qf4+ 1-0

[Event "TCh-TUR Super League 2018"]
[Site "Ankara TUR"]
[Date "2018.07.29"]
[Round "5.3.3"]
[White "Benidze, Davit"]
[Black "Yilmazyerli, Mert"]
[Result "1/2-1/2"]
[WhiteTitle "GM"]
[BlackTitle "IM"]
[WhiteElo "2487"]
[BlackElo "2491"]
[WhiteTeam "KAHRAMANMARAS BUYUKSEHIR BELEDIYESI GENCLIK VE SPOR KULUBU DERNEGI"]
[BlackTeam "ROTA KOLEJI SPOR KULUBU DERNEGI"]
[WhiteFideId "13603086"]
[BlackFideId "6305962"]
[EventDate "2018.07.25"]

1. Nf3 g6 2. g3 Bg7 3. Bg2 c5 4. O-O Nc6 5. c4 Nh6 6. Nc3 Nf5 7. d3 O-O 8. Rb1
a6 9. a3 Rb8 10. Ne4 d6 11. b4 cxb4 12. axb4 b5 13. cxb5 axb5 14. Bd2 Ne5 15.
Ne1 Nc6 16. Nf3 Ne5 17. Ne1 Nc6 18. Nf3 Ne5 1/2-1/2

[Event "TCh-TUR Super League 2018"]
[Site "Ankara TUR"]
[Date "2018.07.29"]
[Round "5.3.4"]
[White "Keler, Faruk"]
[Black "Soysal, Serkan"]
[Result "1/2-1/2"]
[WhiteTitle "FM"]
[BlackTitle "IM"]
[WhiteElo "2286"]
[BlackElo "2406"]
[WhiteTeam "ROTA KOLEJI SPOR KULUBU DERNEGI"]
[BlackTeam "KAHRAMANMARAS BUYUKSEHIR BELEDIYESI GENCLIK VE SPOR KULUBU DERNEGI"]
[WhiteFideId "6302734"]
[BlackFideId "6349250"]
[EventDate "2018.07.25"]

1. e4 e5 2. Nf3 Nc6 3. Bb5 a6 4. Ba4 g6 5. d4 exd4 6. Bg5 Be7 7. Bxe7 Qxe7 8.
Bxc6 bxc6 9. Qxd4 Nf6 10. Nc3 O-O 11. e5 Nd5 12. Nxd5 cxd5 13. Qxd5 Qb4+ 14. Qd2
Qxb2 15. O-O Rb8 16. Qh6 f6 17. Rad1 d6 18. exd6 cxd6 19. Rxd6 Qxc2 20. Rd2 Qc7
21. h3 Be6 22. Re1 Rfe8 23. Rde2 Bf7 24. Rxe8+ Rxe8 25. Rxe8+ Bxe8 26. Qe3 Bf7
27. a3 Qd6 28. Qc3 Qd1+ 29. Kh2 Qd6+ 30. Kg1 Kg7 31. Qe3 a5 32. Qc3 a4 33. Nd4
h5 34. Nb5 Qd1+ 35. Kh2 Qe2 36. Qc5 h4 1/2-1/2

[Event "TCh-TUR Super League 2018"]
[Site "Ankara TUR"]
[Date "2018.07.29"]
[Round "5.4.1"]
[White "Inarkiev, Ernesto"]
[Black "Kravtsiv, Martyn"]
[Result "1/2-1/2"]
[WhiteTitle "GM"]
[BlackTitle "GM"]
[WhiteElo "2684"]
[BlackElo "2654"]
[WhiteTeam "DENIZ SU AQUAMATCH SATRANC GENCLIK VE SPOR KULUBU DERNEGI"]
[BlackTeam "KARAMAN BELEDIYE SPOR KULUBU"]
[WhiteFideId "4162722"]
[BlackFideId "14113147"]
[EventDate "2018.07.25"]

1. e4 e6 2. d4 d5 3. Nc3 Nf6 4. e5 Nfd7 5. f4 c5 6. Nf3 Nc6 7. Be3 cxd4 8. Nxd4
Qb6 9. Qd2 Qxb2 10. Rb1 Qa3 11. Bb5 Nxd4 12. Bxd4 a6 13. Bxd7+ Bxd7 14. Rb3 Qe7
15. Rxb7 Qd8 16. O-O Qc8 17. Rb3 Bc5 18. Rf2 O-O 19. Nd1 Bxd4 20. Qxd4 Qc7 21.
Rg3 Qa7 22. Qd2 f5 23. exf6 Rxf6 24. Ne3 Raf8 25. Rgf3 h5 26. c3 Qc5 27. Kh1 Bc6
28. Qd4 Qxd4 29. cxd4 Bb5 30. h3 Bd3 31. Nxd5 exd5 1/2-1/2

[Event "TCh-TUR Super League 2018"]
[Site "Ankara TUR"]
[Date "2018.07.29"]
[Round "5.4.2"]
[White "Baryshpolets, Andrey"]
[Black "Kovalev, Vladislav"]
[Result "1/2-1/2"]
[WhiteTitle "GM"]
[BlackTitle "GM"]
[WhiteElo "2603"]
[BlackElo "2655"]
[WhiteTeam "KARAMAN BELEDIYE SPOR KULUBU"]
[BlackTeam "DENIZ SU AQUAMATCH SATRANC GENCLIK VE SPOR KULUBU DERNEGI"]
[WhiteFideId "14117207"]
[BlackFideId "13504398"]
[EventDate "2018.07.25"]

1. d4 Nf6 2. c4 e6 3. Nf3 d5 4. Nc3 Be7 5. Bf4 O-O 6. e3 Nbd7 7. c5 Ne4 8. Nxe4
dxe4 9. Ne5 Nxe5 10. Bxe5 b6 11. Qc2 bxc5 12. dxc5 Qd5 13. Qc3 f6 14. Bxc7 Qxc5
15. Qxc5 Bxc5 16. Bc4 Bb4+ 17. Ke2 Rf7 18. Bg3 a5 19. Rhd1 Ba6 20. Rac1 Rb7 21.
Bxa6 Rxa6 22. Rd4 Be7 23. Rc2 f5 24. Be5 Kf7 25. Rdc4 Rb5 26. Bc3 Bf6 27. Rc7+
Kg6 28. Bxf6 Kxf6 29. R7c5 Rb7 30. Rc7 Rb5 31. R7c5 Rb7 32. Kd2 Rd6+ 33. Kc1 a4
34. Rc7 Rb8 35. Rc8 Rb5 36. R2c5 Rb7 37. R5c7 Rb5 38. Rc6 Rd7 39. Rc5 Rb6 40.
R5c6 Rb5 41. R6c7 Rd6 42. Rc5 Rb7 43. R8c7 1/2-1/2

[Event "TCh-TUR Super League 2018"]
[Site "Ankara TUR"]
[Date "2018.07.29"]
[Round "5.4.3"]
[White "Erdogdu, Mert"]
[Black "Ertan, Can"]
[Result "1-0"]
[WhiteTitle "GM"]
[BlackTitle "FM"]
[WhiteElo "2411"]
[BlackElo "2379"]
[WhiteTeam "DENIZ SU AQUAMATCH SATRANC GENCLIK VE SPOR KULUBU DERNEGI"]
[BlackTeam "KARAMAN BELEDIYE SPOR KULUBU"]
[WhiteFideId "6301495"]
[BlackFideId "6306330"]
[EventDate "2018.07.25"]

1. d4 Nf6 2. Bf4 c5 3. e3 Nd5 4. Bxb8 Rxb8 5. dxc5 e6 6. c4 Nf6 7. Nc3 Bxc5 8.
a3 Be7 9. Nf3 O-O 10. Be2 a6 11. O-O b6 12. Qa4 Bb7 13. Rfd1 Bc6 14. Qc2 Qc7 15.
Rac1 Rbc8 16. Nd4 Bb7 17. Qb1 Qb8 18. Na4 Rc7 19. b4 Be4 20. Bd3 Bxd3 21. Qxd3
Rfc8 22. Rc3 Qb7 23. Rdc1 d6 24. b5 Ne4 25. R3c2 Nc5 26. Nxc5 Rxc5 27. Nc6 axb5
28. cxb5 d5 29. a4 Rxc2 30. Qxc2 Ra8 31. g3 f5 32. Nd4 Kf7 33. Qc6 Qxc6 34. Rxc6
Rxa4 35. Nxe6 Re4 36. Nd4 Bc5 37. Nxf5 Rb4 38. Rc7+ Kg6 39. Nxg7 Re4 40. h4 h5
41. Kg2 d4 42. exd4 Bxd4 43. Nxh5 Be5 44. Re7 1-0

[Event "TCh-TUR Super League 2018"]
[Site "Ankara TUR"]
[Date "2018.07.29"]
[Round "5.4.7"]
[White "Shevchenko, Kirill"]
[Black "Ozenir, Ekin Baris"]
[Result "1-0"]
[WhiteTitle "GM"]
[BlackTitle "FM"]
[WhiteElo "2554"]
[BlackElo "2300"]
[WhiteTeam "DENIZ SU AQUAMATCH SATRANC GENCLIK VE SPOR KULUBU DERNEGI"]
[BlackTeam "KARAMAN BELEDIYE SPOR KULUBU"]
[WhiteFideId "14129574"]
[BlackFideId "6357415"]
[EventDate "2018.07.25"]

1. d4 Nf6 2. c4 e6 3. g3 d5 4. Bg2 Bb4+ 5. Nd2 O-O 6. Nf3 b6 7. O-O Bb7 8. b3 c5
9. Bb2 Nc6 10. Rc1 Rc8 11. cxd5 Nxd5 12. a3 Bxd2 13. Qxd2 Na5 14. Qd3 Nf6 15.
Nd2 Bxg2 16. Kxg2 Qe7 17. Nc4 Nxc4 18. Rxc4 Rfd8 19. Rfc1 e5 20. Qf3 exd4 21.
Bxd4 Nd7 22. b4 Re8 23. bxc5 bxc5 24. e3 Qe4 25. Qxe4 Rxe4 26. R4c3 g6 27. Kf3
f5 28. Ke2 Rc6 29. f3 cxd4 30. Rxc6 Rxe3+ 31. Kf1 Rxf3+ 32. Kg2 Rxa3 33. Rd6 Nf8
34. Rc7 Rc3 35. Rxa7 Rc8 36. Rxd4 Rc2+ 37. Kf3 Rc3+ 38. Ke2 Rc2+ 39. Ke1 Rc1+
40. Kd2 Rc6 41. Rb4 Rf6 42. Rbb7 h6 43. Rg7+ Kh8 44. Ke3 Ne6 45. Rh7+ Kg8 46.
Rxh6 Ng5 47. Rh4 Re6+ 48. Kf2 Nf7 49. Rb4 Kg7 50. Rbb7 Rf6 51. Kf3 Kg8 52. Kg2
Kg7 53. Re7 Kg8 54. Kf2 Kg7 55. Ke3 Kg8 56. Rad7 Kg7 57. h3 Kg8 58. Kd4 Kg7 59.
Kd5 f4 60. g4 f3 61. Re1 f2 62. Rf1 Rf4 63. Ra7 Kg8 64. Ra2 Ng5 65. Raxf2 Rxf2
66. Rxf2 Nxh3 67. Ra2 Kg7 68. Ke5 Ng5 69. Ra7+ Kh6 70. Re7 Nh3 71. Kf6 Ng5 72.
Re3 Nh7+ 73. Kf7 Kg5 74. Kg7 Kxg4 75. Kxh7 g5 76. Kg6 1-0

[Event "TCh-TUR Super League 2018"]
[Site "Ankara TUR"]
[Date "2018.07.29"]
[Round "5.4.8"]
[White "Onur, Cigdem"]
[Black "Sade, Defne"]
[Result "1-0"]
[BlackTitle "WCM"]
[WhiteElo "1750"]
[BlackElo "1954"]
[WhiteTeam "KARAMAN BELEDIYE SPOR KULUBU"]
[BlackTeam "DENIZ SU AQUAMATCH SATRANC GENCLIK VE SPOR KULUBU DERNEGI"]
[WhiteFideId "6346030"]
[BlackFideId "6371884"]
[EventDate "2018.07.25"]

1. d4 d5 2. Bf4 c5 3. e3 Nc6 4. c3 Nf6 5. Nd2 Bf5 6. Qb3 Qd7 7. Ngf3 c4 8. Qd1
e6 9. Nh4 Bg6 10. Nxg6 hxg6 11. e4 Be7 12. e5 Ng8 13. Be2 Nh6 14. h3 Nf5 15. O-O
b5 16. b4 O-O 17. a4 a6 18. g4 Nh4 19. Bg3 g5 20. f4 gxf4 21. Bxf4 Rfb8 22. a5
Qd8 23. Nf3 Nxf3+ 24. Rxf3 Bh4 25. Qd2 Ne7 26. Raf1 Ng6 27. Be3 Rb7 28. Bd1 Nf8
29. Bc2 g6 30. g5 Nh7 31. Rf6 Nxf6 32. gxf6 Kf8 33. Qg2 Ke8 34. Bxg6 fxg6 35.
Qxg6+ Kd7 36. Qf7+ Kc8 37. Qxe6+ Rd7 38. Qg4 Bxf6 39. Rxf6 Ra7 40. h4 Kb8 41.
Bg5 Qh8 42. e6 Rd8 43. Qf4+ Ka8 44. Rf7 Rxf7 45. Qxf7 Qg8 46. Qc7 Re8 47. Qc6+
Kb8 48. Qb6+ Kc8 49. Qxa6+ Kc7 50. Qb6+ Kc8 51. Qc6+ Kb8 52. Qxb5+ Kc7 53. Qb6+
Kc8 54. Qc6+ Kb8 55. Qb5+ Kc8 56. Qd7+ Kb8 57. a6 1-0

[Event "TCh-TUR Super League 2018"]
[Site "Ankara TUR"]
[Date "2018.07.29"]
[Round "5.5.1"]
[White "Jakovenko, Dmitry"]
[Black "Cheparinov, Ivan"]
[Result "1-0"]
[WhiteTitle "GM"]
[BlackTitle "GM"]
[WhiteElo "2749"]
[BlackElo "2712"]
[WhiteTeam "HATAY BUYUKSEHIR BELEDIYESI GENCLIK SPOR KULUBU"]
[BlackTeam "TURK HAVA YOLLARI (THY) SPOR KULUBU"]
[WhiteFideId "4122356"]
[BlackFideId "2905540"]
[EventDate "2018.07.25"]

1. Nf3 d5 2. d4 Nf6 3. c4 e6 4. Nc3 Bb4 5. Bg5 h6 6. Bxf6 Qxf6 7. e3 O-O 8. Rc1
dxc4 9. Bxc4 c5 10. dxc5 Nd7 11. O-O Nxc5 12. Nb5 a6 13. Nbd4 b5 14. a3 bxc4 15.
Rxc4 Bxa3 16. bxa3 Ne4 17. Nc6 Bb7 18. Nfe5 Nc3 19. Qd2 Bxc6 20. Nxc6 Nd5 21. e4
Qf4 22. Qc2 Nb6 23. Rb4 Qc7 24. Rfb1 Nc8 25. Rb7 Qd6 26. Rd1 Qxa3 27. Rb3 Qa4
28. Rd4 Qa1+ 29. Rb1 Qa3 30. Rd3 1-0

[Event "TCh-TUR Super League 2018"]
[Site "Ankara TUR"]
[Date "2018.07.29"]
[Round "5.5.2"]
[White "Salgado Lopez, Ivan"]
[Black "Yilmaz, Mustafa"]
[Result "1/2-1/2"]
[WhiteTitle "GM"]
[BlackTitle "GM"]
[WhiteElo "2643"]
[BlackElo "2624"]
[WhiteTeam "TURK HAVA YOLLARI (THY) SPOR KULUBU"]
[BlackTeam "HATAY BUYUKSEHIR BELEDIYESI GENCLIK SPOR KULUBU"]
[WhiteFideId "2257327"]
[BlackFideId "6302718"]
[EventDate "2018.07.25"]

1. e4 c5 2. Nf3 d6 3. d4 cxd4 4. Nxd4 Nf6 5. Nc3 a6 6. Be3 e5 7. Nb3 Be6 8. f3
h5 9. Qd2 Nbd7 10. Nd5 Bxd5 11. exd5 g6 12. O-O-O Nb6 13. Kb1 Nbxd5 14. Bg5 Be7
15. Bd3 Qc7 16. Rhe1 Nb6 17. Qe2 O-O-O 18. Na5 Na4 19. Bd2 Nc5 20. Nc4 Qc6 21.
Na5 Qc7 22. Nc4 Qc6 23. Na5 Qc7 1/2-1/2

[Event "TCh-TUR Super League 2018"]
[Site "Ankara TUR"]
[Date "2018.07.29"]
[Round "5.5.5"]
[White "Muzychuk, Mariya"]
[Black "Yildiz Kadioglu, Betul Cemre"]
[Result "1-0"]
[WhiteTitle "GM"]
[BlackTitle "WGM"]
[WhiteElo "2521"]
[BlackElo "2323"]
[WhiteTeam "HATAY BUYUKSEHIR BELEDIYESI GENCLIK SPOR KULUBU"]
[BlackTeam "TURK HAVA YOLLARI (THY) SPOR KULUBU"]
[WhiteFideId "14114550"]
[BlackFideId "6302920"]
[EventDate "2018.07.25"]

1. d4 d5 2. c4 e6 3. Nc3 c6 4. e3 Nf6 5. Nf3 Nbd7 6. Qc2 Bd6 7. Bd3 O-O 8. O-O
dxc4 9. Bxc4 b5 10. Be2 Bb7 11. Rd1 Qc7 12. e4 e5 13. g3 Rfe8 14. dxe5 Nxe5 15.
Nd4 Bc5 16. h3 Qb6 17. Be3 Rad8 18. Nf5 Bxe3 19. Nxe3 Ng6 20. Nf5 Qc5 21. Rxd8
Rxd8 22. Rd1 Rf8 23. Qd3 b4 24. Na4 Qa5 25. b3 c5 26. Nd6 Bc6 27. Qc2 Bxa4 28.
bxa4 Qc7 29. f4 Rd8 30. e5 Ne8 31. Nxe8 Rxe8 32. Rd5 Ne7 33. Rxc5 Qd7 34. Bg4
Qd4+ 35. Qf2 Qa1+ 36. Kg2 Rd8 37. Rc2 Nd5 38. Rd2 Qc3 39. Kh2 Qc7 40. Qd4 Qc3
41. Be2 Rd7 42. Bb5 Rd8 43. Bc4 1-0

[Event "TCh-TUR Super League 2018"]
[Site "Ankara TUR"]
[Date "2018.07.29"]
[Round "5.5.6"]
[White "Ozen, Bahadir"]
[Black "Alekseenko, Kirill"]
[Result "1/2-1/2"]
[WhiteTitle "FM"]
[BlackTitle "GM"]
[WhiteElo "2317"]
[BlackElo "2627"]
[WhiteTeam "TURK HAVA YOLLARI (THY) SPOR KULUBU"]
[BlackTeam "HATAY BUYUKSEHIR BELEDIYESI GENCLIK SPOR KULUBU"]
[WhiteFideId "6337058"]
[BlackFideId "4135539"]
[EventDate "2018.07.25"]

1. e4 c5 2. Nf3 d6 3. g3 Nc6 4. Bg2 Nf6 5. d3 g6 6. O-O Bg7 7. c3 O-O 8. Re1 e5
9. a3 d5 10. Nbd2 d4 11. cxd4 cxd4 12. b4 Ne8 13. b5 Na5 14. a4 Be6 15. Ba3 Nd6
16. Qb1 b6 17. Qb2 Re8 18. Rac1 Ndb7 19. h4 f6 20. h5 Bh6 21. hxg6 hxg6 22. Rc2
Qd7 23. Nh4 Kg7 24. Rf1 Rac8 25. Rxc8 Rxc8 26. f4 Bg4 27. Ndf3 exf4 28. e5 Qd8
29. Nxd4 Nc5 30. exf6+ Qxf6 31. Re1 Kh7 32. Ndf5 Qxb2 33. Bxb2 Bf8 34. Ne7 Nxd3
35. Be4 Bxe7 36. Bxg6+ Kh6 37. Bxd3 Bc5+ 38. Kg2 Rd8 39. Rh1 Kg5 40. gxf4+ Kxf4
41. Bc1+ Ke5 42. Bb2+ Ke6 43. Re1+ Kd7 44. Ng6 Kc8 45. Nf4 Rg8 46. Bh7 Rf8 47.
Kg3 Bd7 48. Nd3 Bd6+ 49. Be5 Rf6 50. Bxd6 Rxd6 51. Ne5 Be6 52. Nf3 Kd8 53. Bc2
Bd5 54. Rh1 Rf6 55. Rd1 Rxf3+ 56. Kg4 Rf2 57. Rxd5+ Ke7 58. Bd1 Nc4 59. Kg3 Ra2
60. Kf4 Ra1 61. Bb3 Na5 62. Bc2 Ke6 63. Rd8 Rf1+ 64. Ke3 Rf7 65. Kd4 Rc7 66. Kd3
Nb7 67. Rh8 Nc5+ 68. Kd4 Kd6 69. Rh6+ Ne6+ 70. Kd3 Ke5 71. Rh5+ Kf4 72. Kd2 Ng5
73. Rh4+ Kg3 74. Rb4 Nf3+ 75. Kd1 Kf2 76. Be4 Rd7+ 77. Kc1 Nd4 78. Rc4 Ke3 79.
Bb1 Ne2+ 80. Kb2 Rg7 81. Ka3 Rg1 82. Bh7 Rg7 83. Bb1 Kd2 84. Kb2 Rd7 85. Ka3 Nc3
86. Bf5 Rd5 87. Bh7 Rd7 88. Bf5 Rf7 89. Rd4+ Ke2 90. Bg6 Rf6 91. Bc2 Rf7 92. Bg6
Rg7 93. Bc2 Rc7 1/2-1/2

[Event "TCh-TUR Super League 2018"]
[Site "Ankara TUR"]
[Date "2018.07.29"]
[Round "5.5.8"]
[White "Shuvalova, Polina"]
[Black "Ozbay, Ece"]
[Result "1-0"]
[WhiteTitle "WIM"]
[BlackTitle "WFM"]
[WhiteElo "2417"]
[BlackElo "2140"]
[WhiteTeam "TURK HAVA YOLLARI (THY) SPOR KULUBU"]
[BlackTeam "HATAY BUYUKSEHIR BELEDIYESI GENCLIK SPOR KULUBU"]
[WhiteFideId "24171760"]
[BlackFideId "6351743"]
[EventDate "2018.07.25"]

1. e4 c5 2. Nf3 e6 3. Nc3 Nc6 4. Bb5 Nd4 5. O-O Nxb5 6. Nxb5 a6 7. Nc3 b5 8. d4
Bb7 9. d5 d6 10. Qd3 e5 11. a3 h6 12. b4 cxb4 13. axb4 Rc8 14. Be3 Qd7 15. Nd2
g5 16. Ne2 f5 17. f4 gxf4 18. Nxf4 exf4 19. Bd4 Bg7 20. Rxf4 Nf6 21. Rxf5 O-O
22. h3 Nh7 23. Rxf8+ Rxf8 24. c4 Ng5 25. Ra3 Bc8 26. c5 Bxd4+ 27. Qxd4 Qf7 28.
h4 Nh7 29. Rg3+ Ng5 30. hxg5 h5 31. Rf3 Qe7 32. Rf6 1-0

[Event "TCh-TUR Super League 2018"]
[Site "Ankara TUR"]
[Date "2018.07.29"]
[Round "5.6.2"]
[White "Ivic, Velimir"]
[Black "Haznedaroglu, Kivanc"]
[Result "1/2-1/2"]
[WhiteTitle "IM"]
[BlackTitle "GM"]
[WhiteElo "2432"]
[BlackElo "2472"]
[WhiteTeam "GOKCEADA SPOR KULUBU"]
[BlackTeam "BURSA BUYUKSEHIR BELEDIYESPOR KULUBU"]
[WhiteFideId "950122"]
[BlackFideId "6300634"]
[EventDate "2018.07.25"]

1. e4 c5 2. Nf3 Nc6 3. d4 cxd4 4. Nxd4 Qb6 5. Nb3 Nf6 6. Nc3 e6 7. Be3 Qc7 8. a3
a6 9. f4 d6 10. g4 b5 11. g5 Nd7 12. h4 Be7 13. h5 Rb8 14. Qd2 Nb6 15. Nd4 b4
16. Nxc6 Qxc6 17. axb4 Nc4 18. Bxc4 Qxc4 19. Qd4 Qxd4 20. Bxd4 O-O 21. h6 g6 22.
Bf6 Bxf6 23. gxf6 d5 24. exd5 Rxb4 25. O-O-O Bb7 26. Rhe1 exd5 27. Nxd5 Bxd5 28.
Rxd5 Rb6 29. Re4 Rxf6 30. b3 Rb8 31. Kb2 Kf8 32. c4 Rfb6 33. Re3 Rf6 34. Re4
Rfb6 35. Re3 Rf6 36. Re4 1/2-1/2

[Event "TCh-TUR Super League 2018"]
[Site "Ankara TUR"]
[Date "2018.07.29"]
[Round "6.1.1"]
[White "Cheparinov, Ivan"]
[Black "Haznedaroglu, Kivanc"]
[Result "1-0"]
[WhiteTitle "GM"]
[BlackTitle "GM"]
[WhiteElo "2712"]
[BlackElo "2472"]
[WhiteTeam "TURK HAVA YOLLARI (THY) SPOR KULUBU"]
[BlackTeam "BURSA BUYUKSEHIR BELEDIYESPOR KULUBU"]
[WhiteFideId "2905540"]
[BlackFideId "6300634"]
[EventDate "2018.07.25"]

1. e4 c5 2. Nf3 Nc6 3. d4 cxd4 4. Nxd4 Qb6 5. Nb3 Nf6 6. Nc3 e6 7. Qf3 d6 8. Bg5
Be7 9. Qg3 a6 10. O-O-O Qc7 11. Bxf6 gxf6 12. Be2 Bd7 13. Bh5 O-O-O 14. Qh3 Rhf8
15. f4 Kb8 16. Kb1 Na5 17. f5 Nc4 18. Bxf7 Rxf7 19. fxe6 Bc8 20. Nd5 Qc6 21. Nd4
Qc5 22. b4 Qa7 23. Qc3 Bxe6 24. Nxe6 Rc8 25. Qd4 Bf8 26. Rhe1 f5 27. Rf1 Qxd4
28. Nxd4 Bg7 29. c3 Be5 30. exf5 Bxh2 31. Nf3 Be5 32. g4 Rg8 33. Rg1 h5 34. Nxe5
Nxe5 35. gxh5 Rxg1 36. Rxg1 Rxf5 37. Rh1 Ng4 38. c4 Rf7 39. Rh4 Rf1+ 40. Kc2
Rf2+ 41. Kc3 Nh6 42. a4 Rf3+ 43. Kd2 b5 44. cxb5 axb5 45. a5 Rf5 46. Nf4 Re5 47.
Ne2 Kb7 48. Nd4 Rg5 49. Rh1 Rd5 50. Kc3 Ka6 51. Rh3 Re5 52. Nc2 Rg5 53. Ne3 Kb7
54. Kd3 Kc6 55. Rh1 Re5 56. Kd4 Kb7 57. Rh3 Kc6 58. Kd3 Kb7 59. Nc2 Ka6 60. Nd4
Rg5 61. Rf3 Ng4 62. Rf5 Ne5+ 63. Ke4 Rg4+ 64. Rf4 Rg5 65. Rf6 Nc4 66. h6 Rg4+
67. Kd5 Rh4 68. Nf5 Rh1 69. Ke6 Ne5 70. Kxd6 Nd3 71. Kc7+ Ka7 72. Nd4 1-0

[Event "TCh-TUR Super League 2018"]
[Site "Ankara TUR"]
[Date "2018.07.29"]
[Round "6.1.2"]
[White "Ozkan, Ervin"]
[Black "Salgado Lopez, Ivan"]
[Result "0-1"]
[WhiteTitle "CM"]
[BlackTitle "GM"]
[WhiteElo "2171"]
[BlackElo "2643"]
[WhiteTeam "BURSA BUYUKSEHIR BELEDIYESPOR KULUBU"]
[BlackTeam "TURK HAVA YOLLARI (THY) SPOR KULUBU"]
[WhiteFideId "6306004"]
[BlackFideId "2257327"]
[EventDate "2018.07.25"]

1. d4 Nf6 2. Nf3 e6 3. Bf4 b6 4. e3 Bb7 5. Nbd2 Be7 6. h3 O-O 7. Be2 d6 8. O-O
Nbd7 9. Bh2 Re8 10. c3 Bf8 11. a4 a6 12. Nc4 g6 13. Nfd2 Rc8 14. Bf3 d5 15. Ne5
Nxe5 16. Bxe5 c5 17. Bh2 Re7 18. Qe2 Rd7 19. Rfd1 Ne8 20. Nb3 Nd6 21. Nc1 Bg7
22. Nd3 c4 23. Nf4 Qe8 24. Qc2 Nf5 25. Bg4 Nd6 26. Bf3 Nf5 27. Bg4 h5 28. Bxf5
exf5 29. b3 Bf6 30. Ne2 Bd8 31. b4 Qf8 32. Be5 Be7 33. a5 b5 34. Ng3 Bc6 35. Nf1
Qh6 36. Qe2 h4 37. Qf3 Re8 38. Nd2 Bd8 39. Bh2 f6 40. Nf1 Be7 41. Re1 Bf8 42.
Qd1 Qh7 43. Qc2 Rdd8 44. Nd2 Re6 45. Re2 Be8 46. Rae1 Bf7 47. Nf1 Rde8 48. Nd2
g5 49. f3 Bg6 50. Qc1 f4 51. e4 dxe4 52. fxe4 Bxe4 53. Nxe4 Rxe4 54. Rxe4 Rxe4
55. Rxe4 Qxe4 56. Kf2 Bd6 57. Qd2 Qe3+ 58. Qxe3 fxe3+ 59. Kxe3 Bxh2 60. Ke4 Bg3
61. Kd5 Be1 0-1

[Event "TCh-TUR Super League 2018"]
[Site "Ankara TUR"]
[Date "2018.07.29"]
[Round "6.1.3"]
[White "Can, Emre"]
[Black "Eren, Ataberk"]
[Result "0-1"]
[WhiteTitle "GM"]
[WhiteElo "2605"]
[BlackElo "2195"]
[WhiteTeam "TURK HAVA YOLLARI (THY) SPOR KULUBU"]
[BlackTeam "BURSA BUYUKSEHIR BELEDIYESPOR KULUBU"]
[WhiteFideId "6302181"]
[BlackFideId "6349765"]
[EventDate "2018.07.25"]

1. Nf3 d5 2. d4 Nf6 3. c4 c6 4. e3 Bf5 5. Nc3 e6 6. Nh4 Bg6 7. Nxg6 hxg6 8. a3
Nbd7 9. Bd2 Bd6 10. c5 Bc7 11. f4 g5 12. Qf3 g4 13. Qd1 b6 14. b4 a5 15. Bd3 Nh5
16. cxb6 Bxb6 17. O-O f5 18. Na4 Ba7 19. Rc1 Rc8 20. b5 c5 21. dxc5 Nxc5 22.
Nxc5 Bxc5 23. Qa4 Qb6 24. Rxc5 Rxc5 25. Qxa5 Qxa5 26. Bxa5 Kd7 27. Bb4 Rcc8 28.
a4 Nf6 29. a5 Ne4 30. Rb1 Nd6 31. b6 Nc4 32. Be1 Rc6 33. Bxc4 Rxc4 34. a6 Kc8
35. Rb3 d4 36. exd4 Ra4 37. d5 exd5 38. Bc3 d4 39. Bb2 Rd8 40. Rd3 Rxa6 41. Bxd4
Kb7 42. Kf2 Ra2+ 43. Ke3 Rxg2 44. Ra3 Rd7 0-1

[Event "TCh-TUR Super League 2018"]
[Site "Ankara TUR"]
[Date "2018.07.29"]
[Round "6.1.4"]
[White "Erdogan, Anil Berk"]
[Black "Heberla, Bartlomiej"]
[Result "0-1"]
[WhiteTitle "CM"]
[BlackTitle "GM"]
[WhiteElo "2110"]
[BlackElo "2563"]
[WhiteTeam "BURSA BUYUKSEHIR BELEDIYESPOR KULUBU"]
[BlackTeam "TURK HAVA YOLLARI (THY) SPOR KULUBU"]
[WhiteFideId "6348173"]
[BlackFideId "1115120"]
[EventDate "2018.07.25"]

1. e4 c5 2. Nf3 d6 3. Bb5+ Bd7 4. Bxd7+ Qxd7 5. O-O Nc6 6. c3 Nf6 7. Re1 e6 8.
d4 cxd4 9. cxd4 d5 10. e5 Ng8 11. a3 Nge7 12. b4 Nc8 13. Nbd2 Nb6 14. Bb2 Be7
15. Re2 O-O 16. Ne1 Nc4 17. Bc3 Rac8 18. Nxc4 Nb8 19. Na5 Rxc3 20. Rc2 Rxc2 21.
Qxc2 Rc8 22. Qb2 b6 23. Nb3 Qb5 24. Rc1 Rxc1 25. Qxc1 a5 26. h3 Nc6 27. bxa5
bxa5 28. Nf3 Qxb3 29. Qxc6 Qxa3 30. Kh2 h6 31. Qc8+ Bf8 32. Ne1 Qb2 33. Nc2 a4
34. Ne3 Qxd4 35. Qc1 a3 0-1

[Event "TCh-TUR Super League 2018"]
[Site "Ankara TUR"]
[Date "2018.07.29"]
[Round "6.1.6"]
[White "Ali Marandi, Cemil Can"]
[Black "Dastan, Muhammed Batuhan"]
[Result "1/2-1/2"]
[WhiteTitle "GM"]
[BlackTitle "GM"]
[WhiteElo "2540"]
[BlackElo "2552"]
[WhiteTeam "BURSA BUYUKSEHIR BELEDIYESPOR KULUBU"]
[BlackTeam "TURK HAVA YOLLARI (THY) SPOR KULUBU"]
[WhiteFideId "6300529"]
[BlackFideId "6300014"]
[EventDate "2018.07.25"]

1. e4 e5 2. Nf3 Nc6 3. Nc3 Nf6 4. d4 exd4 5. Nxd4 Bb4 6. Nxc6 bxc6 7. Bd3 d5 8.
exd5 cxd5 9. O-O O-O 10. Bg5 c6 11. Qf3 h6 12. Bxf6 Qxf6 13. Qxf6 gxf6 14. Ne2
Bd6 15. Nd4 c5 16. Nf5 Bxf5 17. Bxf5 Rfe8 18. b3 Rad8 19. Rfe1 Kf8 20. g3 Rxe1+
21. Rxe1 Re8 22. Rxe8+ Kxe8 23. Kf1 Bf8 24. Ke2 Ke7 25. h4 Kd6 26. Bg4 Ke5 27.
Bh5 Ke6 28. Bg4+ Ke5 29. Bh5 Ke6 30. Bg4+ Ke5 31. Bh5 1/2-1/2